A first course in differential equations with modeling applications / (Record no. 331124)
[ view plain ]
| 000 -LEADER | |
|---|---|
| fixed length control field | 03001cam a2200457 a 4500 |
| 001 - CONTROL NUMBER | |
| control field | 17060082 |
| 003 - CONTROL NUMBER IDENTIFIER | |
| control field | NUST |
| 005 - DATE AND TIME OF LATEST TRANSACTION | |
| control field | 20180118110450.0 |
| 008 - FIXED-LENGTH DATA ELEMENTS--GENERAL INFORMATION | |
| fixed length control field | 111128s2013 maua 001 0 eng |
| 010 ## - LIBRARY OF CONGRESS CONTROL NUMBER | |
| LC control number | 2011944307 |
| 020 ## - INTERNATIONAL STANDARD BOOK NUMBER | |
| International Standard Book Number | 9781111827052 |
| 020 ## - INTERNATIONAL STANDARD BOOK NUMBER | |
| International Standard Book Number | 1111827052 |
| 040 ## - CATALOGING SOURCE | |
| Original cataloging agency | DLC |
| Transcribing agency | DLC |
| Modifying agency | DLC |
| 042 ## - AUTHENTICATION CODE | |
| Authentication code | pcc |
| 050 00 - LIBRARY OF CONGRESS CALL NUMBER | |
| Classification number | QA372 |
| Item number | .Z54 2013 |
| 082 00 - DEWEY DECIMAL CLASSIFICATION NUMBER | |
| Classification number | 515/.35 |
| Edition number | 23 |
| 100 1# - MAIN ENTRY--PERSONAL NAME | |
| Personal name | Zill, Dennis G., |
| Dates associated with a name | 1940- |
| 9 (RLIN) | 4603 |
| 245 12 - TITLE STATEMENT | |
| Title | A first course in differential equations with modeling applications / |
| Statement of responsibility, etc. | Dennis G. Zill. |
| 250 ## - EDITION STATEMENT | |
| Edition statement | 10th ed. |
| 260 ## - PUBLICATION, DISTRIBUTION, ETC. | |
| Place of publication, distribution, etc. | Boston, MA : |
| Name of publisher, distributor, etc. | Brooks/Cole, Cengage Learning, |
| Date of publication, distribution, etc. | c2013. |
| 300 ## - PHYSICAL DESCRIPTION | |
| Extent | 1 v. (various pagings) : |
| Other physical details | col. ill. ; |
| Dimensions | 29 cm. |
| 500 ## - GENERAL NOTE | |
| General note | Includes index. |
| 650 #0 - SUBJECT ADDED ENTRY--TOPICAL TERM | |
| Topical term or geographic name entry element | Differential equations |
| Form subdivision | Textbooks. |
| 9 (RLIN) | 4604 |
| 856 42 - ELECTRONIC LOCATION AND ACCESS | |
| Materials specified | Contributor biographical information |
| Uniform Resource Identifier | <a href="http://www.loc.gov/catdir/enhancements/fy1303/2011944307-b.html">http://www.loc.gov/catdir/enhancements/fy1303/2011944307-b.html</a> |
| 856 42 - ELECTRONIC LOCATION AND ACCESS | |
| Materials specified | Publisher description |
| Uniform Resource Identifier | <a href="http://www.loc.gov/catdir/enhancements/fy1303/2011944307-d.html">http://www.loc.gov/catdir/enhancements/fy1303/2011944307-d.html</a> |
| 856 41 - ELECTRONIC LOCATION AND ACCESS | |
| Materials specified | Table of contents only |
| Uniform Resource Identifier | <a href="http://www.loc.gov/catdir/enhancements/fy1303/2011944307-t.html">http://www.loc.gov/catdir/enhancements/fy1303/2011944307-t.html</a> |
| 906 ## - LOCAL DATA ELEMENT F, LDF (RLIN) | |
| a | 7 |
| b | cbc |
| c | origcop |
| d | 3 |
| e | epcn |
| f | 20 |
| g | y-gencatlg |
| 942 ## - ADDED ENTRY ELEMENTS (KOHA) | |
| Source of classification or shelving scheme | |
| Koha item type | Book |
| Withdrawn status | Lost status | Source of classification or shelving scheme | Damaged status | Not for loan | Permanent Location | Current Location | Shelving location | Date acquired | Total Checkouts | Total Renewals | Full call number | Barcode | Checked out | Date last seen | Date last checked out | Price effective from | Koha item type |
|---|---|---|---|---|---|---|---|---|---|---|---|---|---|---|---|---|---|
| School of Natural Sciences (SNS) | School of Natural Sciences (SNS) | Book Cart | 09/14/2017 | 19 | 6 | 515/.35 ZIL | SNS0002410 | 05/07/2026 | 04/07/2026 | 04/07/2026 | 09/14/2017 | Book | |||||
| School of Natural Sciences (SNS) | School of Natural Sciences (SNS) | Book Cart | 09/14/2017 | 1 | 515/.35 ZIL | SNS0002411 | 01/18/2018 | 10/21/2017 | 09/14/2017 | Book | |||||||
| School of Natural Sciences (SNS) | School of Natural Sciences (SNS) | Book Cart | 09/14/2017 | 11 | 3 | 515/.35 ZIL | SNS0002412 | 06/02/2025 | 02/04/2025 | 09/14/2017 | Book | ||||||
| School of Natural Sciences (SNS) | School of Natural Sciences (SNS) | Book Cart | 09/14/2017 | 17 | 7 | 515/.35 ZIL | SNS0002413 | 05/20/2026 | 10/22/2025 | 10/22/2025 | 09/14/2017 | Book | |||||
| School of Natural Sciences (SNS) | School of Natural Sciences (SNS) | Book Cart | 09/14/2017 | 19 | 1 | 515/.35 ZIL | SNS0002414 | 03/19/2026 | 02/17/2026 | 02/17/2026 | 09/14/2017 | Book | |||||
| School of Natural Sciences (SNS) | School of Natural Sciences (SNS) | Book Cart | 09/14/2017 | 6 | 515/.35 ZIL | SNS0002415 | 01/31/2019 | 01/22/2019 | 09/14/2017 | Book | |||||||
| School of Natural Sciences (SNS) | School of Natural Sciences (SNS) | Book Cart | 09/14/2017 | 10 | 5 | 515/.35 ZIL | SNS0002416 | 06/02/2025 | 01/14/2025 | 09/14/2017 | Book | ||||||
| Not For Loan | School of Natural Sciences (SNS) | School of Natural Sciences (SNS) | Reference | 09/14/2017 | 1 | 1 | 515/.35 ZIL | SNS0002417 | 08/08/2019 | 09/19/2017 | 09/14/2017 | Book | |||||
| School of Natural Sciences (SNS) | School of Natural Sciences (SNS) | Book Cart | 09/14/2017 | 1 | 1 | 515/.35 ZIL | SNS0002418 | 01/23/2020 | 09/28/2017 | 09/14/2017 | Book | ||||||
| School of Natural Sciences (SNS) | School of Natural Sciences (SNS) | Book Cart | 09/14/2017 | 515/.35 ZIL | SNS0002419 | 09/14/2017 | 09/14/2017 | Book |
